Odgadnij piosenkę i wykonawcę #3 - Edycja Świąteczna - Statystyki

Ogólne statystyki
  • Ten quiz został rozwiązany 35 razy
  • Średni wynik to 7 z 30
Statystyki odpowiedzi
Hint Odpowiedź % Poprawnych
This year,
To save me from tears. I'll give it, To someone special.
Last Christmas
88%
Wykonawca utworu Wham!
60%
Wykonawca utworu Czerwone Gitary
56%
Niebo - ziemi, niebu - ziemia,
Wszyscy - wszystkim ślą życzenia,
Drzewa - ptakom, ptaki - drzewom,
Tchnienie wiatru - płatkom śniegu.
Jest taki dzień / Dzień jeden w roku
56%
Prospero Año y Felicidad.
I wanna wish you a Merry Christmas
I wanna wish you a Merry Christmas
I wanna wish you a Merry Christmas
From the bottom of my heart.
Feliz Navidad
52%
Hej, porwali te panny prosto od Kmicica
Zbójnik od Kmicica, zbójnik szarooki Hej, z wierzchu baranica, a pod spodem smoking
Z kopyta kulig rwie
52%
Wykonawca utworu Mariah Carey
48%
Wykonawca utworu Skaldowie
48%
I don't want a lot for Christmas
There's just one thing I need I don't care about presents Underneath the Christmas tree I just want you for my own More than you could ever know
All I want for Christmas is you
44%
Jeśli zrobisz ten właściwy krok
Zanim znów upłynie życia rok To wszystko będzie tak jak trzeba Z udziałem lub bez udziału nieba.
Kto wie?
40%
Wykonawca utworu De Su
36%
Time for parties and celebrations
People dancing, all night long Time for presents, and exchanging kisses Time for singing Christmas songs
Merry Christmas everyone
20%
Skąd to zamieszanie, Skąd taki ruch, Dziś za oknem jest, Przecież świat... wczoraj jakby spał. Ding Dong
16%
Wykonawca utworu Kayah
16%
Wykonawca utworu Shakin Stevens
12%
W świąteczne dni magiczna jest miłości moc
Gdy dzielimy ją wśród ludzi wokół nas
W cudowną noc zatrzymaj się i w siebie patrz
Największy dar ukryty w sercu masz
Coraz bliżej Święta
8%
It's gonna take some time
But I'll get there Top to toe in tailbacks Oh, I got red lights all around But soon there'll be a freeway Get my feet on holy ground
Driving home for Christmas
8%
...Jingle bells swing and jingle bells ring Snowin' and blowin' up bushels of fun Now the jingle hop has begun Jingle Bell Rock
8%
Wykonawca utworu Jose Feliciano
8%
The child is a king, the carollers sing,
The old is past, there's a new beginning Dreams of Santa, dreams of snow, Fingers numb, faces aglow
Mistletoe and wine
8%
Wykonawca utworu Anna Szarmach
4%
Wykonawca utworu Chris Rea
4%
Wykonawca utworu Cliff Richard
4%
Wykonawca utworu Feel
4%
Wykonawca utworu John Lennon
4%
Wykonawca utworu Bobby Helms
0%
Zobacz synku ile gwiazd, Jaki biały wokół świat, Taki cień dzień nam z nieba spadł, Znów się zaczynają święta... Kiedyś za 20 lat, Usiądziemy znowu tak, Świat się zmieni, ale ja, Będę to pamiętał. Gdy Wigilia jest
0%
Na twarzy płatki. Nie ma dwóch takich samych. Na szybach kwiatki. To Pan Mróz, malarz znany. Ktoś patrzy w mrok. Ujrzeć chcę pierwszą gwiazdkę, A ona jest w oczach tych, Co kochają nas. Hej ludzie, idą święta
0%
A very merry Christmas
And a happy New Year Let's hope it's a good one Without any fear
So this is Christmas
0%
Wykonawca utworu Varius Manx
0%
Nie znaleziono quizów pasujących do podanych kryteriów
Rozkład punktacji
Procent ludzi z każdym wynikiem
Percentyl według liczby udzielonych odpowiedzi
Twoja historia wyników
Nie rozwiązałeś tego quizu